| 000 | 00677nam a2200217Ia 4500 | ||
|---|---|---|---|
| 005 | 20220713101723.0 | ||
| 008 | 210716s9999 xx 000 0 und d | ||
| 020 | _a9788132204404 | ||
| 040 | _cAIMIT LIBRARY | ||
| 041 | _aeng | ||
| 082 |
_a003.54 _23 _bLANE |
||
| 100 |
_aLanger, Arthur M. _948551 |
||
| 245 |
_aAnalysis and design of information systems / _cBy Arthur M. Langer. |
||
| 250 | _a3rd ed. | ||
| 260 |
_aNew Delhi : _bSpringer , _c2012. |
||
| 300 |
_axiv,412p.; _c24.5 cm. |
||
| 650 |
_aLogic data modeling tools _948552 |
||
| 650 |
_aWeb user interface tools _948553 |
||
| 650 |
_aBusiness process reengineering _948554 |
||
| 942 |
_2ddc _cBK _e3rd _k003.54 LANA |
||
| 999 |
_c193320 _d193320 |
||